LIBRARY & INFORMATION CENTRE, KCAET, TAVANUR

ONLINE PUBLIC ACCESS CATALOGUE (OPAC)

Athyuthara keralathile asarimarude jeevithavum samskaravum | അത്യുത്തര കേരളത്തിലെ ആശാരിമാരുടെ ജീവിതവും സംസ്കാരവും (Record no. 17639)

MARC details
000 -LEADER
fixed length control field 00541nam a22001577a 4500
003 - CONTROL NUMBER IDENTIFIER
control field OSt
008 - FIXED-LENGTH DATA ELEMENTS--GENERAL INFORMATION
fixed length control field 230223b |||||||| |||| 00| 0 eng d
041 ## - LANGUAGE CODE
Language code of text/sound track or separate title mal
082 ## - DEWEY DECIMAL CLASSIFICATION NUMBER
Classification number 894.812 4
Item number GEE/AT
100 ## - MAIN ENTRY--AUTHOR NAME
Personal name Geetha , T
245 ## - TITLE STATEMENT
Title Athyuthara keralathile asarimarude jeevithavum samskaravum
Remainder of title അത്യുത്തര കേരളത്തിലെ ആശാരിമാരുടെ ജീവിതവും സംസ്കാരവും
250 ## - EDITION STATEMENT
Edition statement 1st
260 ## - PUBLICATION, DISTRIBUTION, ETC. (IMPRINT)
Place of publication Kannur
Name of publisher Pusthakabhavan
Year of publication 2018
300 ## - PHYSICAL DESCRIPTION
Number of Pages 304
942 ## - ADDED ENTRY ELEMENTS (KOHA)
Koha item type Books
Holdings
Withdrawn status Lost status Damaged status Home library Current library Date acquired Full call number Accession Number Koha item type
      KAUAET KAUAET 23/02/2023 894.812 4 GEE/AT 26106 Books
free website counter